| 000 | 01300cam a2200373 a 4500 | ||
|---|---|---|---|
| 001 | 270842 | ||
| 005 | 20250616113754.0 | ||
| 008 | 840213s1983 enk b 001 0 eng | ||
| 010 | _a 82022446 | ||
| 020 |
_a0080289150 : _c$32.00 (est.) |
||
| 020 |
_a0080302025 (soft) : _c$13.00 (est.) |
||
| 035 | _a(OCoLC)9066374 | ||
| 035 | _a(OCoLC)ocm09066374 | ||
| 035 | _a(CStRLIN)NYCG84-B7600 | ||
| 035 | _a(NNC)270842 | ||
| 040 |
_dCStRLIN _cBSU |
||
| 050 | 0 |
_aLC65 _b.F33 1983 |
|
| 082 | 0 |
_a370.19 _219 _bFAG |
|
| 090 |
_aLC65 _b.F33 1983 |
||
| 100 | 1 |
_aFägerlind, Ingemar, _d1935- _915399 |
|
| 245 | 1 | 0 |
_aEducation and national development : _ba comparative perspective / _cby Ingemar Fägerlind and Lawrence J. Saha. |
| 250 | _a1st ed. | ||
| 260 |
_aOxford [Oxfordshire] ; _aNew York : _bPergamon, _c1983. |
||
| 300 |
_axiv, 287 p. ; _c24 cm. |
||
| 490 | 1 | _aPergamon international library of science, technology, engineering, and social studies | |
| 500 | _aIncludes indexes. | ||
| 504 | _aBibliography: p. 255-269. | ||
| 650 | 0 |
_aEducation _xEconomic aspects. _915400 |
|
| 658 | _aEducation. | ||
| 700 | 1 |
_aSaha, Lawrence J. _915401 |
|
| 830 | 0 |
_aPergamon international library of science, technology, engineering, and social studies. _915402 |
|
| 942 |
_2ddc _cBK |
||
| 999 |
_c7135 _d7135 |
||